00682nab a2200241 uc450000100070000000500170000700800410002403500110006503500210007604000130009704100080011010000360011824500290015465000250018365000240020865000310023265000250026365000180028865000270030677300780033394200100041199900190042130907120240916090406.0980925e19971101 spa  a309071 a(OCoLC)819768775 ccomduadb aspa10aHudson, Peter4auteaut931664410aSoros, cuestion de marca aSoros, George926468 aCapitalistas968705 7aBienes raices2lemb913843 aEspeculación99971 aBrasil942885 aAmérica Latina912880 tAmérica Economía (New York)gNo. 125, Nov. 1997, p. 28-35w630103830 cARIMP c105949d105949